000 00478nam a2200169 i 4500
001 46443
003 ES-MaACL
005 20240129180129.0
007 t|
008 030328s1971 sp ||||1| cat d
245 0 0 _a8 Conferencies sobre Catalunya /
_cJoan Corominas ... [et al.].
260 _a[Barcelona] :
_bProa,
_c[1971]
300 _a236 p. ;
_c24 cm.
700 1 _aCoromines, Joan,
_d1905-1997
_940667
852 _aES-MaACL
_jC-43319
_bR.80365
999 _c46443
_d46443